| 000 | 01271nam a2200241Ia 4500 | ||
|---|---|---|---|
| 003 | Ost | ||
| 005 | 20260416102351.0 | ||
| 008 | 260416s9999||||xx |||||||||||||| ||und|| | ||
| 040 | _cfsecg | ||
| 041 | _aara | ||
| 082 | _a519.5 | ||
| 100 |
_aالعايب، ياسين _eمؤلف |
||
| 245 | 0 |
_aالتحليل الإحصائي / _c ياسين العايب |
|
| 260 |
_aالجزائر _bجامعة الجزائر3: كلية العلوم الإقتصادية، العلوم التجارية وعلوم التسيير _c2015 |
||
| 300 |
_a86 ورقة _bايضاحات _c30 سم |
||
| 504 | _aمراجع ص.86 | ||
| 520 | _aالمتغيرة العشوائية،التوقع الرياضي، التباين والانحراف الرياضي، العزوم والدالة المتجددة للعزوم، التوزيعات الاحتمالية المتقطعة الشهيرة، التوزيعات المستمرة الشهيرة،نظرية توزيع المعاينة | ||
| 653 | _aالاحصاء | ||
| 653 | _aالاحصاء التحليلي | ||
| 653 | _aتحليل التباين | ||
| 710 |
_aجامعة الجزائر3: كلية العلوم الإقتصادية، العلوم التجارية وعلوم التسيير _eناشر علمي |
||
| 942 | _cHANDOUT | ||
| 999 |
_c40988 _d40988 |
||